Célébrités décédées en 2019 - Statistiques

Statistiques générales
  • Ce quiz a été pris 178 fois
  • Le résultat moyen est 4 sur 16
Statistiques - réponses
Par images Hint Réponse % Correct
Président français (26 septembre) Jacques Chirac
93%
Couturier allemand (19 février) Karl Lagerfeld
77%
Footballeur argentino-italien (21 janvier Emiliano Sala
65%
Actrice française (30 avril) Anémone
44%
Réalisatrice française (29 mars) Agnès Varda
33%
Chanteur français (24 avril) Dick Rivers
31%
Acteur français (24 avril) Jean-Pierre Marielle
28%
Chanteuse française (5 octobre) Marie Laforêt
18%
Compositeur français (26 janvier) Michel Legrand
18%
Président tunisien (19 septembre) Zine el-Abidine Ben Ali
13%
Philosophe français (1er juin) Michel Serres
7%
Actrice franco-danoise (14 décembre) Anna Karina
6%
Acteur suisse (16 février) Bruno Ganz
3%
Actrice française (26 juin) Édith Scob
3%
Acteur français (20 janvier) François Perrot
3%
Humoriste français (30 septembre) André Gaillard
2%
Aucun quiz correspondant
Distribution des résultats
% des personnes avec chaque résultat
Percentile par nombre de réponses
Votre historique - résultats
Vous n’avez pas pris ce quiz